Focus on The birth of a nation / (Record no. 77810)

MARC details
000 -LEADER
campo de control de longitud fija 01146cam a2200325 4500
001 - NÚMERO DE CONTROL
campo de control 126796
003 - IDENTIFICADOR DE NÚMERO DE CONTROL
campo de control BJBSDDR
005 - FECHA Y HORA DE LA ÚLTIMA TRANSACCIÓN
campo de control 20231123111602.0
007 - CAMPO FIJO DE DESCRIPCIÓN FÍSICA--INFORMACIÓN GENERAL
campo de control de longitud fija ta
008 - DATOS DE LONGITUD FIJA--INFORMACIÓN GENERAL
campo de control de longitud fija 711227s1971 njua b 001 0 eng
020 ## - NÚMERO INTERNACIONAL ESTÁNDAR DEL LIBRO
Número Internacional Estándar del Libro 0130772305
020 ## - NÚMERO INTERNACIONAL ESTÁNDAR DEL LIBRO
Número Internacional Estándar del Libro 0130772224
040 ## - FUENTE DE CATALOGACIÓN
Centro/agencia transcriptor DLC
Lengua de catalogación spa
041 ## - CÓDIGO DE IDIOMA
Código de lengua del texto/banda sonora o título independiente eng
050 14 - SIGNATURA TOPOGRÁFICA DE LA BIBLIOTECA DEL CONGRESO
Número de clasificación PN 1997
Número de ítem F652 1971
082 00 - NÚMERO DE LA CLASIFICACIÓN DECIMAL DEWEY
Número de clasificación 791.43
245 10 - MENCIÓN DEL TÍTULO
Título Focus on The birth of a nation /
Mención de responsabilidad, etc. edited by Fred Silva.
260 ## - PUBLICACIÓN, DISTRIBUCIÓN, ETC.
Lugar de publicación, distribución, etc. Englewood Cliffs, N.J.,
Nombre del editor, distribuidor, etc. Prentice-Hall
Fecha de publicación, distribución, etc. 1971.
300 ## - DESCRIPCIÓN FÍSICA
Extensión viii, 184 pages.
Otras características físicas illustrations ;
Dimensiones 21 cm.
490 0# - MENCIÓN DE SERIE
Mención de serie Film focus
490 0# - MENCIÓN DE SERIE
Mención de serie A Spectrum book
504 ## - NOTA DE BIBLIOGRAFÍA, ETC.
Nota de bibliografía, etc. Bibliography: p. 178-181.
520 ## - RESUMEN, ETC.
Sumario, etc. The birth of a nation follows the lives of two white families divided by, and enduring, the American Civil War, and includes elaborate camoes of historical events such as the assassination of Abraham Lincoln.
630 00 - PUNTO DE ACCESO ADICIONAL DE MATERIA--TÍTULO UNIFORME
Título uniforme Birth of a nation (Motion picture)
630 00 - PUNTO DE ACCESO ADICIONAL DE MATERIA--TÍTULO UNIFORME
Título uniforme Nacimiento de una nación (película cinematográfica)
9 (RLIN) 33162
650 #4 - PUNTO DE ACCESO ADICIONAL DE MATERIA--TÉRMINO DE MATERIA
Término de materia o nombre geográfico como elemento de entrada Películas
9 (RLIN) 814
Subdivisión general Historia
Subdivisión geográfica Estados Unidos
700 1# - ENTRADA AGREGADA--NOMBRE PERSONAL
Nombre de persona Silva, Fred,
9 (RLIN) 32414
Término indicativo de función/relación editora
942 ## - ELEMENTOS DE ENTRADA SECUNDARIOS (KOHA)
Fuente del sistema de clasificación o colocación Clasificación de Library of Congress
Tipo de ítem Koha Libro
946 ## - PROCESAMIENTO DE INFORMACIÓN LOCAL (OCLC)
Iniciales del agente catalogador lmm
Holdings
Estatus retirado Estado de pérdida Fuente del sistema de clasificación o colocación Estado de daño No para préstamo Colección Biblioteca de origen Biblioteca actual Ubicación en estantería Fecha de adquisición Serial enumeration / chronology Signatura topográfica completa Código de barras Visto por última vez Tipo de ítem Koha
    Clasificación de Library of Congress     Humanidades Biblioteca Juan Bosch Biblioteca Juan Bosch Humanidades (4to. Piso) 10/04/2023 3 PN 1997 F652 1971 00000120222 25/10/2018